Banderas del mundo sin el color rojo - Estadísticas

Estadísticas generales
  • Esta prueba ha sido intentada 245 veces
  • La puntuación promedio es 32 de 44
Estadísticas de respuestas
Imagen Respuesta % Correcto
Argentina
99%
Brasil
91%
Arabia Saudita
90%
Grecia
87%
India
87%
Catar
86%
Finlandia
85%
Irlanda
84%
Jamaica
83%
Chipre
82%
Uruguay
82%
Barbados
80%
Suecia
80%
Estonia
79%
Honduras
79%
Ucrania
79%
Guatemala
76%
Níger
75%
Bosnia y Herzegovina
74%
Bután
73%
Letonia
73%
Pakistán
73%
Nigeria
72%
Bahamas
71%
Kazajistán
71%
Kosovo
71%
Sri Lanka
71%
Escocia
70%
San Marino
70%
Costa de Marfil
68%
Santa Lucía
63%
Somalia
63%
Micronesia
61%
Tanzania
61%
Lesoto
60%
Palaos
60%
Islas Marshall
59%
San Vicente y las Granadinas
59%
Botsuana
58%
Gabon
57%
Islas Salomon
54%
Nauru
54%
Sierra Leona
51%
Ruanda
49%
No se encontraron pruebas coincidentes
Distribución de puntuación
Porcentaje de gente con cada puntuación
Porcentaje por número respondido
Historial de tus puntuaciones
No has intentado esta prueba.